Biggest Countries by Population, but... #6 - Statistics

General Stats
  • This quiz has been taken 127 times
  • The average score is 22 of 30
Answer Stats
Population Country % Correct
110 mil China
98%
284 mil India
98%
70.7 mil Indonesia
96%
28.1 mil Mexico
94%
64.9 mil United Kingdom
94%
32.5 mil France
92%
31.3 mil Brazil
91%
21.3 mil Russia
89%
37.7 mil Japan
88%
25.2 mil Iran
87%
147 mil Pakistan
87%
20.4 mil Argentina
86%
33.3 mil Egypt
86%
26.6 mil Nigeria
84%
60.0 mil Canada
83%
35.4 mil Congo
82%
152 mil Bangladesh
81%
29.3 mil Philippines
79%
62.8 mil South African Empire
79%
48.3 mil Ethiopia
78%
26.0 mil South Korea
77%
37.5 mil Saudi Arabia-UAE
65%
25.3 mil Sudan
61%
24.5 mil Myanmar
58%
23.1 mil Morocco
54%
55.1 mil Dutch-Belgian Empire
51%
148 mil Himalayan Empire
48%
19.4 mil Ghana-Togo
38%
39.9 mil Zambezi Empire
27%
24.0 mil Benin
13%
No matching quizzes found
Score Distribution
Percent of People with Each Score
Percentile by Number Answered
Your Score History
You have not taken this quiz